LEADER 01405nas 2200517-a 450 001 9910446754303321 005 20220226213023.0 011 $a2044-2696 035 $a(DE-599)ZDB2578374-9 035 $a(OCoLC)592389219 035 $a(CKB)110978966551706 035 $a(CONSER)--2020204601 035 $a(EXLCZ)99110978966551706 100 $a20100401a19209999 --- - 101 0 $aeng 135 $aur||||||||||| 181 $ctxt$2rdacontent 182 $cc$2rdamedia 183 $acr$2rdacarrier 200 00$aTheology 210 $a[London] $c[Society for Promoting Christian Knowledge]$d[1920]- 215 $avolumes$d24 cm 300 $aRefereed/Peer-reviewed 300 $a"A monthly journal of historic Christianity." 311 $a0040-571X 606 $aTheology$vPeriodicals 606 $aTheology$2fast$3(OCoLC)fst01149559 608 $aPeriodicals.$2fast 610 00$atheologie 610 00$atheology 610 00$achristendom 610 00$achristianity 610 00$areligie 610 00$areligion 610 00$ageschiedenis 610 00$ahistory 610 10$aChristianity 610 10$aChristendom 615 0$aTheology 615 7$aTheology. 676 $a230.005 712 02$aSociety for Promoting Christian Knowledge (Great Britain) 906 $aJOURNAL 912 $a9910446754303321 996 $aTheology$91208534 997 $aUNINA LEADER 01123nas 2200397 c 450 001 9910143714803321 005 20260324110401.0 035 $a(CKB)1000000000532795 035 $a(DE-599)ZDB2843380-4 035 $a(DE-101)1080565159 035 $a(DE-599)2679565-6 035 $a(EXLCZ)991000000000532795 100 $a20151223a20159999 |y | 101 0 $ager 135 $aur||||||||||| 181 $ctxt$2rdacontent 182 $cc$2rdamedia 183 $acr$2rdacarrier 200 00$aEine Welt in der Schule$evon Lehrern für Lehrer 210 31$aBremen$cUniversita?t Bremen, FB 12$d2015- 215 $aOnline-Ressource 300 $aGesehen am 24.01.2020 300 $aErscheint halbja?hrlich, 2015 dreimal ja?hrlich 517 3 $aProjekt "Eine Welt in der Schule" 531 $aWelt in der Schule 608 $aZeitschrift$2gnd-content 676 $a370 686 $a120$2rpb 712 02$aGrundschulverband$4isb 801 0$b0018 801 1$bDE-101 801 2$b9001 906 $aJOURNAL 912 $a9910143714803321 996 $aEine Welt in der Schule$92224055 997 $aUNINA